Les joueurs avec les meilleurs ratio de but / match au 21ème siècle - Statistiques

Statistiques générales
  • Ce quiz a été pris 97 fois
  • Le résultat moyen est 7 sur 10
Statistiques - réponses
Ratio But Match Joueur % Correct
0.73 897 1233 Cristiano Ronaldo
100%
0.78 838 1069 Lionel Messi
99%
0.72 332 462 Kylian Mbappe
90%
0.70 654 928 Robert Lewandowski
89%
0.82 257 315 Erling Haaland
84%
0.60 576 968 Luis Suarez
84%
0.61 440 719 Neymar
73%
0.58 567 980 Zlatan Ibrahimovic
64%
0.63 407 644 Harry Kane
50%
0.60 277 463 Ruud Van Nistelrooy
18%
Aucun quiz correspondant
Distribution des résultats
% des personnes avec chaque résultat
Percentile par nombre de réponses
Votre historique - résultats
Vous n’avez pas pris ce quiz